О выборе спектрального интервала при исследовании полей температуры в пламени с помощью тепловизора; Вестник науки Сибири; № 15 : Спецвыпуск

Podrobná bibliografie
Parent link:Вестник науки Сибири: электронный научный журнал/ Томский политехнический университет (ТПУ).— , 2011-.— 2226-0064
№ 15 : Спецвыпуск.— 2015.— [С. 37-42]
Další autoři: Агафонцев М. В. Михаил Владимирович, Лобода Е. Л. Егор Леонидович, Макарова Е. А. Елена Андреевна, Рейно В. В. Владимир Владимирович
Shrnutí:Заглавие с титульного листа
Современные методы инфракрасной диагностики с использованием тепловизоров являются довольно перспективными, так как они позволяют отказаться от применения большого числа термопар при исследовании поля температуры и при этом получить хорошее пространственное разрешение. Также с помощью тепловизоров можно проводить съемку с высокой детализацией по времени, что позволяет проводить исследования быстропротекающих процессов. Однако при использовании метода инфра- красной диагностики необходимо учитывать спектр излучения исследуемого объекта и выбирать подходящий спектральный интервал для того, чтобы коэффициент излучения объекта в дан- ном интервале был корректным. В качестве исследуемого объекта было пламя, образующееся в процессе горения различных видов топлив. Производилась съемка процесса горения с помощью спектрографа, по данным которого были получены спектры из- лучения пламени для разных видов топлив. Утилизация и регенерация отработанных растворов, сто ные воды, диафрагма, электролизер.
Jazyk:ruština
Vydáno: 2015
Edice:Энергетика
Témata:
On-line přístup:http://earchive.tpu.ru/handle/11683/16848
Médium: MixedMaterials Elektronický zdroj Kapitola
KOHA link:https://koha.lib.tpu.ru/cgi-bin/koha/opac-detail.pl?biblionumber=542782

MARC

LEADER 00000naa2a2200000 4500
001 542782
005 20231101115114.0
035 |a (RuTPU)RU\TPU\prd\233285 
035 |a RU\TPU\prd\233284 
090 |a 542782 
100 |a 20150316d2015 k y0rusy50 ca 
101 0 |a rus 
102 |a RU 
135 |a drcn ---uucaa 
181 0 |a i  
182 0 |a b 
200 1 |a О выборе спектрального интервала при исследовании полей температуры в пламени с помощью тепловизора  |f М. В. Агафонцев [и др.] 
203 |a Текст  |c электронный 
215 |a 1 файл (741 Кб) 
225 1 |a Энергетика 
230 |a Электронные текстовые данные (1 файл : 741 Кб) 
300 |a Заглавие с титульного листа 
320 |a [Библиогр.: с. 41-42 (6 назв.)] 
330 |a Современные методы инфракрасной диагностики с использованием тепловизоров являются довольно перспективными, так как они позволяют отказаться от применения большого числа термопар при исследовании поля температуры и при этом получить хорошее пространственное разрешение. Также с помощью тепловизоров можно проводить съемку с высокой детализацией по времени, что позволяет проводить исследования быстропротекающих процессов. Однако при использовании метода инфра- красной диагностики необходимо учитывать спектр излучения исследуемого объекта и выбирать подходящий спектральный интервал для того, чтобы коэффициент излучения объекта в дан- ном интервале был корректным. В качестве исследуемого объекта было пламя, образующееся в процессе горения различных видов топлив. Производилась съемка процесса горения с помощью спектрографа, по данным которого были получены спектры из- лучения пламени для разных видов топлив. Утилизация и регенерация отработанных растворов, сто ные воды, диафрагма, электролизер. 
337 |a Adobe Reader 
461 1 |0 (RuTPU)RU\TPU\prd\143680  |x 2226-0064  |t Вестник науки Сибири  |o электронный научный журнал  |f Томский политехнический университет (ТПУ)  |d 2011- 
463 1 |0 (RuTPU)RU\TPU\prd\233197  |t № 15 : Спецвыпуск  |v [С. 37-42]  |d 2015 
610 1 |a труды учёных ТПУ 
610 1 |a электронный ресурс 
610 1 |a тепловизоры 
610 1 |a температура 
610 1 |a ИК-излучения 
610 1 |a спектр излучения 
610 1 |a поля 
701 1 |a Агафонцев  |b М. В.  |g Михаил Владимирович 
701 1 |a Лобода  |b Е. Л.  |g Егор Леонидович 
701 1 |a Макарова  |b Е. А.  |g Елена Андреевна 
701 1 |a Рейно  |b В. В.  |g Владимир Владимирович 
801 1 |a RU  |b 63413507  |c 20090623  |g PSBO 
801 2 |a RU  |b 63413507  |c 20180110  |g PSBO 
856 4 |u http://earchive.tpu.ru/handle/11683/16848 
942 |c BK